Header

Perón y el destino de América Latina : (Registro nro. 32140)

Detalles MARC
000 -LEADER
campo de control de longitud fija 01340nam a2200385 a 4500
001 - NÚMERO DE CONTROL
campo de control 32140
003 - IDENTIFICADOR DE NÚMERO DE CONTROL
campo de control AR-BaAGN
005 - FECHA Y HORA DE LA ÚLTIMA TRANSACCIÓN
campo de control 20250212125114.0
007 - CAMPO FIJO DE DESCRIPCIÓN FÍSICA--INFORMACIÓN GENERAL
campo de control de longitud fija ta
008 - DATOS DE LONGITUD FIJA--INFORMACIÓN GENERAL
campo de control de longitud fija 220625s1995 ag |||||r|||| ||||||spa d
040 ## - FUENTE DE CATALOGACIÓN
Centro/agencia modificador AR-BaAGN
Centro catalogador/agencia de origen AR-BaAGN
Lengua de catalogación español
Normas de descripción aacr
942 ## - ELEMENTOS DE ENTRADA SECUNDARIOS (KOHA)
Tipo de ítem Koha Libro
100 1# - ENTRADA PRINCIPAL--NOMBRE DE PERSONA
Nombre de persona Maisano, Hugo D.
ID autoridades 9039
245 10 - MENCIÓN DEL TÍTULO
Título Perón y el destino de América Latina :
Resto del título el tratado de complementación económica de Argentina y Chile /
Mención de responsabilidad, etc. Hugo D. Maisano; Mario P. Seijo.
250 ## - MENCION DE EDICION
Mención de edición 1ª ed.
260 ## - PUBLICACIÓN, DISTRIBUCIÓN, ETC.
Lugar de publicación, distribución, etc. La Plata :
Nombre del editor, distribuidor, etc. Honorable Cámara de Diputados,
Fecha de publicación, distribución, etc. 1995.
300 ## - DESCRIPCIÓN FÍSICA
Extensión 53 páginas ;
Dimensiones 19 cm.
336 ## - TIPO DE CONTENIDO
Fuente rdacontent
Código de tipo de contenido texto
337 ## - TIPO DE MEDIO
Fuente rdamedia
Código del tipo de medio no mediado
338 ## - TIPO DE SOPORTE
Fuente rdacarrier
Código del tipo de soporte volumen
500 ## - NOTA GENERAL
Nota general Prólogos de Osvaldo José Mercuri y Gustavo Rubén Sobrero.
600 14 - PUNTO DE ACCESO ADICIONAL DE MATERIA--NOMBRE DE PERSONA
Nombre de persona Perón, Juan Domingo,
Fechas asociadas al nombre 1895-1974
ID autoridades 4501
610 24 - PUNTO DE ACCESO ADICIONAL DE MATERIA--NOMBRE DE ENTIDAD CORPORATIVA
Nombre de entidad corporativa o nombre de jurisdicción como elemento de entrada Partido Justicialista
ID autoridades 4727
650 #4 - PUNTO DE ACCESO ADICIONAL DE MATERIA--TÉRMINO DE MATERIA
Término de materia o nombre geográfico como elemento de entrada ECOLOGÍA
ID autoridades 1655
650 #4 - PUNTO DE ACCESO ADICIONAL DE MATERIA--TÉRMINO DE MATERIA
Término de materia o nombre geográfico como elemento de entrada POLÍTICA EXTERIOR
ID autoridades 1420
650 #4 - PUNTO DE ACCESO ADICIONAL DE MATERIA--TÉRMINO DE MATERIA
Término de materia o nombre geográfico como elemento de entrada HISTORIA DE LAS RELACIONES INTERNACIONALES
ID autoridades 1031
650 #4 - PUNTO DE ACCESO ADICIONAL DE MATERIA--TÉRMINO DE MATERIA
Término de materia o nombre geográfico como elemento de entrada RELACIONES ECONÓMICAS INTERNACIONALES
ID autoridades 2177
650 #4 - PUNTO DE ACCESO ADICIONAL DE MATERIA--TÉRMINO DE MATERIA
Término de materia o nombre geográfico como elemento de entrada PERONISMO
ID autoridades 2600
651 #4 - PUNTO DE ACCESO ADICIONAL DE MATERIA--NOMBRE GEOGRÁFICO
Nombre geográfico Argentina
ID autoridades 3645
651 #4 - PUNTO DE ACCESO ADICIONAL DE MATERIA--NOMBRE GEOGRÁFICO
Nombre geográfico América Latina
ID autoridades 3630
700 1# - ENTRADA AGREGADA--NOMBRE PERSONAL
Nombre de persona Seijo, Mario Pedro
ID autoridades 9040
700 1# - ENTRADA AGREGADA--NOMBRE PERSONAL
Nombre de persona Mércuri, Osvaldo José,
Fechas asociadas al nombre 1945-2021
ID autoridades 9041
Término indicativo de función/relación prologuista
700 1# - ENTRADA AGREGADA--NOMBRE PERSONAL
Nombre de persona Sobrero, Gustavo Rubén,
Fechas asociadas al nombre 1948-
ID autoridades 9042
Término indicativo de función/relación prologuista
Existencias
Estado de retiro Estado de pérdida Fuente del sistema de clasificación o colocación Estado de conservación Biblioteca actual Ubicación en estantería Signatura topográfica completa Código de barras Tipo de ítem Koha
    Clasificación Decimal Dewey   Biblioteca del Archivo General de la Nación AGN - Biblioteca AGN 12779 1263 Libro

Contacto

Dirección: Av. Leandro Alem 246, 3er piso (CABA).
Código postal: C1003AAP
Teléfono: 2206-0013
Correo electrónico: comunicacionagn@mininterior.gob.ar
Sitio Web: www.argentina.gob.ar/interior/archivo-general-de-la-nacion

AGN en las redes sociales

Facebook  /  Twitter  /  Instagram